Data communications & teleprocessing systems (Record no. 188375)
[ view plain ]
| 000 -LEADER | |
|---|---|
| fixed length control field | 01373nam a2200313 a 4500 |
| 100 1# - MAIN ENTRY--AUTHOR NAME | |
| Personal name | Housley, Trevor. |
| 245 10 - TITLE STATEMENT | |
| Title | Data communications & teleprocessing systems |
| 250 ## - EDITION STATEMENT | |
| Edition statement | 2nd ed. |
| 260 ## - PUBLICATION, DISTRIBUTION, ETC. (IMPRINT) | |
| Place of publication | Hyderabad [India] : |
| Name of publisher | BS Publications, |
| Year of publication | 2008. |
| 300 ## - PHYSICAL DESCRIPTION | |
| Number of Pages | 464 p. : |
| Other physical details | ill. |
| 505 0# - FORMATTED CONTENTS NOTE | |
| Formatted contents note | pt. 1. Hardware and networks -- pt. 2. Protocols and architectures -- pt. 3. Common carrier networks -- pt. 4. Planning and management -- pt. 5. Queuing and statistical calculations. |
| 650 #0 - SUBJECT ADDED ENTRY--TOPICAL TERM | |
| Topical Term | Computer networks. |
| Topical Term | Data transmission systems. |
| 856 40 - ELECTRONIC LOCATION AND ACCESS | |
| Uniform Resource Identifier | http://site.ebrary.com/lib/rucke/Doc?id=10415181 |
No items available.
